| 000 | 01052nam a2200205Ia 4500 | ||
|---|---|---|---|
| 003 | OSt | ||
| 005 | 20241004111123.0 | ||
| 007 | ca aa aaaaa | ||
| 008 | 201103s9999 xx 000 0 und d | ||
| 040 | _cSSBUL | ||
| 041 | _abur | ||
| 082 |
_223 _a၂၉၄.၃၀၉၂ ဇိ _b၉၃၃၀ S-SAT |
||
| 100 | 0 |
_a ဇိန၊ အသျှင် _917411 |
|
| 245 | 1 | 0 |
_aအရှေ့ကျောင်းကြီးဆရာတော် အဂ္ဂမဟာပဏ္ဍိတ အသျှင်ဦးကုဝေရဆရာတော်ဘုရား အတ္ထုပ္ပတ္တိ / _cအသျှင်ဇိန။ |
| 260 |
_aဟိုပင် ၊ _bမြသီတာပုံနှိပ်တိုက်ပိုင်ရှင်၊ _c[၁၉၆၁]။ |
||
| 300 |
_a၅၀ စာမျက်နှာ ၊ _bဓါတ်ပုံများ၊ _c၁၇ စင်တီ။ |
||
| 500 | _aS-SAT: Dr. Sai Aung Tun | ||
| 650 |
_aအသျှင် ဦးကုဝေရ _xအတ္ထုပ္ပတ္တိ _954867 |
||
| 942 |
_2ddc _cBK1 |
||
| 999 |
_c16843 _d16843 |
||